RICS Building Conservation Forum (Record no. 104247)
[ view plain ]
| 000 -LEADER | |
|---|---|
| fixed length control field | 00805cam a2200205 4500 |
| 001 - CONTROL NUMBER | |
| control field | L129602 |
| 008 - FIXED-LENGTH DATA ELEMENTS--GENERAL INFORMATION | |
| fixed length control field | #DATE n2005 000 0 eng u |
| 035 ## - SYSTEM CONTROL NUMBER | |
| System control number | (Sirsi) u129602 |
| 041 ## - LANGUAGE CODE | |
| Language code of text/sound track or separate title | eng |
| 050 ## - LIBRARY OF CONGRESS CALL NUMBER | |
| Classification number | 690.241 |
| -- | 18 |
| 110 ## - MAIN ENTRY--CORPORATE NAME | |
| Corporate name or jurisdiction name as entry element | Royal Institution of Chartered Surveyors |
| 9 (RLIN) | 4900 |
| 245 ## - TITLE STATEMENT | |
| Title | RICS Building Conservation Forum |
| Remainder of title | members directory 2005 |
| 260 ## - PUBLICATION, DISTRIBUTION, ETC. | |
| Place of publication, distribution, etc. | London |
| Name of publisher, distributor, etc. | RICS |
| Date of publication, distribution, etc. | 2005 |
| 300 ## - PHYSICAL DESCRIPTION | |
| Extent | [37p.] |
| Dimensions | 15cm. |
| 520 ## - SUMMARY, ETC. | |
| Summary, etc. | Lists RICS Building Conservation Forum board members, chartered surveyors in conservation accredited by RICS and members of the forum. Appends a list of useful websites. |
| 590 ## - LOCAL NOTE (RLIN) | |
| Local note | IKA070605 |
| 690 ## - LOCAL SUBJECT ADDED ENTRY--TOPICAL TERM (OCLC, RLIN) | |
| Topical term or geographic name as entry element | ABOUT RICS-RICS FORUMS-RICS BUILDING CONSERVATION FORUM |
| 710 ## - ADDED ENTRY--CORPORATE NAME | |
| Corporate name or jurisdiction name as entry element | Royal Institution of Chartered Surveyors |
| Subordinate unit | Building Conservation Forum |
| 9 (RLIN) | 4708 |
| 942 ## - ADDED ENTRY ELEMENTS (KOHA) | |
| Suppress in OPAC | 0 |
| Withdrawn status | Lost status | Source of classification or shelving scheme | Damaged status | Not for loan | Home library | Current library | Shelving location | Date acquired | Total Checkouts | Full call number | Barcode | Date last seen | Copy number | Price effective from | Koha item type |
|---|---|---|---|---|---|---|---|---|---|---|---|---|---|---|---|
| Dewey Decimal Classification | London | London | RICS Boxes | 05/05/2005 | RICS 2005/05 | 30070042 | 06/08/2019 | 1 | 06/08/2019 | Archive | |||||
| Dewey Decimal Classification | London | London | RICS Boxes | 05/05/2005 | RICS 2005/05 | 30070043 | 06/08/2019 | 2 | 06/08/2019 | Reference material |